Kabale University Library Catalogue

Tess of the d'Urbervilles / (Record no. 5894)

MARC details
000 -LEADER
fixed length control field 02022cam a2200493 a 4500
001 - CONTROL NUMBER
control field 1216464
003 - CONTROL NUMBER IDENTIFIER
control field OSt
005 - DATE AND TIME OF LATEST TRANSACTION
control field 20260129112906.0
008 - FIXED-LENGTH DATA ELEMENTS--GENERAL INFORMATION
fixed length control field 990510s1998 nyu b 000 1 eng
010 ## - LIBRARY OF CONGRESS CONTROL NUMBER
LC control number 99204795
020 ## - INTERNATIONAL STANDARD BOOK NUMBER
International Standard Book Number 0140772588
Terms of availability $5.99
035 ## - SYSTEM CONTROL NUMBER
System control number 1216464
040 ## - CATALOGING SOURCE
Original cataloging agency DLC
Transcribing agency DLC
Modifying agency DLC
043 ## - GEOGRAPHIC AREA CODE
Geographic area code e-uk-en
050 00 - LIBRARY OF CONGRESS CALL NUMBER
Classification number PR4748
Item number .A1 1998
082 00 - DEWEY DECIMAL CLASSIFICATION NUMBER
Classification number 813
Edition number 23
Item number HAR
100 1# - MAIN ENTRY--PERSONAL NAME
Personal name Hardy, Thomas,
Dates associated with a name 1840-1928.
9 (RLIN) 14858
245 10 - TITLE STATEMENT
Title Tess of the d'Urbervilles /
Statement of responsibility, etc. Thomas Hardy ; introduction by Nina Pelikan Straus.
260 ## - PUBLICATION, DISTRIBUTION, ETC.
Place of publication, distribution, etc. New York :
Name of publisher, distributor, etc. penguin
Date of publication, distribution, etc. 1991
300 ## - PHYSICAL DESCRIPTION
Extent 117 p. :
Dimensions 20 cm.
336 ## - CONTENT TYPE
Content type term text
Content type code txt
Source rdacontent
337 ## - MEDIA TYPE
Media type term unmediated
Media type code n
Source rdamedia
338 ## - CARRIER TYPE
Carrier type term volume
Carrier type code nc
Source rdacarrier
440 #0 - SERIES STATEMENT/ADDED ENTRY--TITLE
Title Enriched classics series
9 (RLIN) 14859
504 ## - BIBLIOGRAPHY, ETC. NOTE
Bibliography, etc. note Includes bibliographical references (p. 445-446).
600 10 - SUBJECT ADDED ENTRY--PERSONAL NAME
Personal name Hardy, Thomas,
Dates associated with a name 1840-1928.
Title of a work Tess of the d'Urbervilles.
9 (RLIN) 7593
650 00 - SUBJECT ADDED ENTRY--TOPICAL TERM
Topical term or geographic name entry element Triangles (Interpersonal relations)
Form subdivision Fiction.
9 (RLIN) 14860
650 #0 - SUBJECT ADDED ENTRY--TOPICAL TERM
Topical term or geographic name entry element Children of the rich
Form subdivision Fiction.
9 (RLIN) 14861
650 #0 - SUBJECT ADDED ENTRY--TOPICAL TERM
Topical term or geographic name entry element Children of clergy
Form subdivision Fiction.
9 (RLIN) 14862
650 #0 - SUBJECT ADDED ENTRY--TOPICAL TERM
Topical term or geographic name entry element Women household employees
Form subdivision Fiction.
9 (RLIN) 14863
650 #0 - SUBJECT ADDED ENTRY--TOPICAL TERM
Topical term or geographic name entry element Women murderers
Form subdivision Fiction.
9 (RLIN) 14864
650 #0 - SUBJECT ADDED ENTRY--TOPICAL TERM
Topical term or geographic name entry element Poor families
Form subdivision Fiction.
9 (RLIN) 14865
651 #0 - SUBJECT ADDED ENTRY--GEOGRAPHIC NAME
Geographic name Wessex (England)
Form subdivision Fiction.
9 (RLIN) 14866
655 #7 - INDEX TERM--GENRE/FORM
Genre/form data or focus term Pastoral fiction.
Source of term gsafd
9 (RLIN) 14867
655 #7 - INDEX TERM--GENRE/FORM
Genre/form data or focus term Didactic fiction.
Source of term gsafd
9 (RLIN) 14868
655 #7 - INDEX TERM--GENRE/FORM
Genre/form data or focus term Fiction.
Source of term lcgft
Authority record control number or standard number https://id.loc.gov/authorities/genreForms/gf2014026339
9 (RLIN) 2363
856 42 - ELECTRONIC LOCATION AND ACCESS
Materials specified Contributor biographical information
Uniform Resource Identifier <a href="http://www.loc.gov/catdir/bios/simon051/99204795.html">http://www.loc.gov/catdir/bios/simon051/99204795.html</a>
856 42 - ELECTRONIC LOCATION AND ACCESS
Materials specified Publisher description
Uniform Resource Identifier <a href="http://www.loc.gov/catdir/description/simon032/99204795.html">http://www.loc.gov/catdir/description/simon032/99204795.html</a>
856 41 - ELECTRONIC LOCATION AND ACCESS
Materials specified Sample text
Uniform Resource Identifier <a href="http://www.loc.gov/catdir/enhancements/fy0645/99204795-s.html">http://www.loc.gov/catdir/enhancements/fy0645/99204795-s.html</a>
906 ## - LOCAL DATA ELEMENT F, LDF (RLIN)
a 7
b cbc
c orignew
d 2
e ncip
f 19
g y-gencatlg
942 ## - ADDED ENTRY ELEMENTS (KOHA)
Source of classification or shelving scheme Dewey Decimal Classification
Koha item type Book
Holdings
Withdrawn status Lost status Source of classification or shelving scheme Damaged status Not for loan Home library Current library Date acquired Total Checkouts Full call number Barcode Date last seen Price effective from Koha item type
    Dewey Decimal Classification     Education Library Education Library 29.01.2026   813 HAR 14162 29.01.2026 29.01.2026 Book
    Dewey Decimal Classification     Education Library Education Library 29.01.2026   813 HAR 14163 29.01.2026 29.01.2026 Book
    Dewey Decimal Classification     Education Library Education Library 29.01.2026   813 HAR 14164 29.01.2026 29.01.2026 Book
    Dewey Decimal Classification     Education Library Education Library 29.01.2026   813 HAR 14165 29.01.2026 29.01.2026 Book
    Dewey Decimal Classification     Education Library Education Library 29.01.2026   813 HAR 14166 29.01.2026 29.01.2026 Book

Kabale University Library | Kabale University P.O Box 317, Kabale, Uganda
Tel : +256754017033, +256774661503 E-mail : library@kab.ac.ug